000 00236nam a22001097a 4500
008 160510b xxu||||| |||| 00| 0 eng d
020 _a0072396814
041 _aeng
080 _a54
245 _aChemistry:
_cSilberberg;
942 _2udc
_cBK
999 _c1943
_d1943